| 000 | 00469nam a22001337a 4500 | ||
|---|---|---|---|
| 003 | OSt | ||
| 082 | _a631 | ||
| 088 | _aP545 | ||
| 100 |
_aASWIN, DILEEPKUMAR _aMOHAMMED THASREEF, P. K _aFATHIMA THANSEEKA, K _aHANNA, K _aSUDHAKAR, GUPTA _95347 |
||
| 245 | _aEVALUATION OF OHMIC HEATING SYSTEM FOR PRESERVATION OF PASSION FRUIT PULP | ||
| 260 |
_aThavanur _KKelappaji College of Agricultural Engineering and Technology _c2022 |
||
| 700 |
_aDr Prince M V _95332 |
||
| 942 | _cPR | ||
| 999 |
_c17603 _d17603 |
||